[Event "FICGS rapid E 000082 email"]
[Site "FICGS email"]
[Date "2012.04.29"]
[Round "1"]
[White "Toro, Simone"]
[Black "Vuong Linh, Nguyen"]
[Result "1-0"]
[WhiteElo "1030"]
[BlackElo "761"]
[PlyCount "29"]
[EventDate "2012.??.??"]
[EventType "tourn (rapid)"]
[EventRounds "6"]
[SourceTitle "Corr 2022"]
[Source "ChessBase"]
[SourceDate "2021.10.24"]
[SourceVersion "1"]
[SourceVersionDate "2021.10.24"]
[SourceQuality "1"]

1. d4 e6 2. c4 Nf6 3. Nc3 Bb4 4. Bd2 c5 5. Nf3 0-0 6. e4 cxd4 7. Nxd4 Bxc3 8. Bxc3 Nxe4 9. Qf3 Nxc3 10. Qxc3 Nc6 11. Bd3 Qf6 12. 0-0 Qxd4 13. Qd2 Qh4 14. Rfe1 Ne7 15. Re4 1-0

[Event "FICGS rapid E 000082 email"]
[Site "FICGS email"]
[Date "2012.04.29"]
[Round "1"]
[White "Vuong Linh, Nguyen"]
[Black "Stoyanov, Zdravko"]
[Result "1-0"]
[WhiteElo "761"]
[BlackElo "1238"]
[PlyCount "39"]
[EventDate "2012.??.??"]
[EventType "tourn (rapid)"]
[EventRounds "6"]
[SourceTitle "Corr 2022"]
[Source "ChessBase"]
[SourceDate "2021.10.24"]
[SourceVersion "1"]
[SourceVersionDate "2021.10.24"]
[SourceQuality "1"]

1. e4 c5 2. Nf3 a6 3. d4 cxd4 4. Nxd4 e5 5. Nf3 Nc6 6. Nc3 Bb4 7. Bc4 h6 8. 0-0 Bxc3 9. bxc3 Nge7 10. Ba3 0-0 11. Qd6 Qa5 12. Bd5 Nxd5 13. Qxf8+ Kh7 14. exd5 Na7 15. Bb4 Qxd5 16. Rfd1 Qc6 17. Nxe5 Qe6 18. Nxf7 b6 19. Rd6 Qf5 20. Qh8# 1-0

[Event "FICGS no engines 00 email"]
[Site "FICGS email"]
[Date "2009.12.08"]
[Round "1"]
[White "Thangaraj, Prabu"]
[Black "Vuong Linh, Nguyen"]
[Result "1-0"]
[WhiteElo "1800"]
[BlackElo "900"]
[PlyCount "21"]
[EventDate "2009.??.??"]
[EventType "swiss (corr)"]
[EventRounds "1"]
[SourceTitle "Corr 2022"]
[Source "ChessBase"]
[SourceDate "2021.10.24"]
[SourceVersion "1"]
[SourceVersionDate "2021.10.24"]
[SourceQuality "1"]

1. b4 e5 2. Ba3 d5 3. Nf3 Bd6 4. d3 Nf6 5. c4 dxc4 6. dxc4 0-0 7. Nc3 Bf5 8. c5 Be7 9. Nh4 Be6 10. f3 a5 11. b5 1-0

[Event "FICGS no engines 00 email"]
[Site "FICGS email"]
[Date "2009.12.08"]
[Round "1"]
[White "Vuong Linh, Nguyen"]
[Black "Pipac, Darko"]
[Result "0-1"]
[WhiteElo "900"]
[BlackElo "1325"]
[PlyCount "42"]
[EventDate "2009.??.??"]
[EventType "swiss (corr)"]
[EventRounds "1"]
[SourceTitle "Corr 2022"]
[Source "ChessBase"]
[SourceDate "2021.10.24"]
[SourceVersion "1"]
[SourceVersionDate "2021.10.24"]
[SourceQuality "1"]

1. d4 d5 2. c4 Nf6 3. Nc3 Nc6 4. e3 e5 5. a3 exd4 6. cxd5 dxc3 7. dxc6 Qxd1+ 8. Kxd1 Ne4 9. Ke1 bxc6 10. Bd3 cxb2 11. Bxb2 Nc5 12. Bc4 Rb8 13. Bd4 Ne4 14. Nf3 c5 15. Be5 Bd6 16. Bxd6 cxd6 17. a4 0-0 18. Bb5 Nc3 19. Bd3 Bb7 20. Kd2 Bxf3 21. gxf3 Nd5 0-1

[Event "FICGS theme 0001 email"]
[Site "FICGS email"]
[Date "2009.12.04"]
[Round "1"]
[White "Vuong Linh, Nguyen"]
[Black "Martinez, Silvio"]
[Result "0-1"]
[WhiteElo "900"]
[BlackElo "1247"]
[PlyCount "34"]
[EventDate "2009.??.??"]
[EventType "swiss (corr)"]
[EventRounds "1"]
[SourceTitle "Corr 2022"]
[Source "ChessBase"]
[SourceDate "2021.10.24"]
[SourceVersion "1"]
[SourceVersionDate "2021.10.24"]
[SourceQuality "1"]

1. e4 c5 2. Nf3 e6 3. d4 cxd4 4. Nxd4 Bc5 5. Nc3 Nc6 6. Be3 d5 7. Bb5 Nge7 8. 0-0 Bd7 9. Nxe6 Bxe6 10. Bxc5 0-0 11. exd5 Nxd5 12. Bxf8 Kxf8 13. Qh5 Nf6 14. Qg5 h6 15. Qg3 a6 16. Bxc6 bxc6 17. Rad1 Qb6 0-1

[Event "FICGS class G 000035 email"]
[Site "FICGS email"]
[Date "2009.11.25"]
[Round "1"]
[White "Vuong Linh, Nguyen"]
[Black "Melquiades, Jay"]
[Result "1-0"]
[WhiteElo "900"]
[BlackElo "837"]
[PlyCount "51"]
[EventDate "2009.??.??"]
[EventType "tourn (corr)"]
[EventRounds "4"]
[SourceTitle "Corr 2022"]
[Source "ChessBase"]
[SourceDate "2021.10.24"]
[SourceVersion "1"]
[SourceVersionDate "2021.10.24"]
[SourceQuality "1"]

1. e4 e5 2. Nf3 d6 3. Bc4 Be6 4. Bxe6 fxe6 5. d4 h6 6. dxe5 Nc6 7. Bf4 d5 8. exd5 Nge7 9. dxc6 Nxc6 10. Nc3 Bb4 11. 0-0 Rf8 12. Bg3 Qe7 13. Qd3 Rd8 14. Qb5 Rb8 15. a3 Ba5 16. Nd4 a6 17. Nxc6 axb5 18. Nxe7 Kxe7 19. Nxb5 c6 20. Nd6 Bc7 21. Rfd1 Rbd8 22. Nxb7 Rb8 23. Nc5 Rxb2 24. Rd7+ Ke8 25. Rxc7 Rf5 26. Nxe6 1-0